Stolice Świata (wersja hard) - Statystyki

Ogólne statystyki
  • Ten quiz został rozwiązany 94 razy
  • Średni wynik to 9 z 27
Statystyki odpowiedzi
Hint Odpowiedź % Poprawnych
Hawaje (USA) Honolulu
79%
Boliwia Sucre / La Paz
79%
Seszele Victoria
67%
Timor Wschodni Dili
63%
Republika Federalna Niemiec (odłam dzisiejszych Niemiec) Bonn
58%
Sri Lanka Sri Dźajawardanapura Kotte
55%
Belize Belmopan
49%
Nauru Yaren
48%
Vanuatu Port Vila
43%
Saint Lucia Castries
42%
Mjanma Naypyidaw
40%
Reunion (Francja) Saint-Denis
34%
Grenada Saint George's
34%
Wyspy Marshalla Majuro
33%
Falklandy (Wielka Brytania) Stanley
25%
Jemen Południowy (odłam dzisiejszego Jemenu) Aden
22%
Polinezja Francuska (Francja) Papeete
22%
Święta Helena (Wielka Brytania) Jamestown
16%
Nowa Kaledonia (Francja) Numea
16%
Królestwo Jemenu (odłam dzisiejszego Jemenu) Ta'izz
16%
Anguilla (Wielka Brytania) The Valley
13%
Wyspy Kokosowe (Australia) West Island
13%
Wyspy Cooka (Nowa Zelandia) Avarua
12%
Kabinda (eksklawa Angoli) Kabinda
12%
Turks i Caicos (Wielka Brytania) Cockburn Town
7%
Georgia Płd. i Sandwich Płd. (Wielka Brytania) King Edward Point
4%
Majotta (Francja) Mamoudzou
3%
Nie znaleziono quizów pasujących do podanych kryteriów
Rozkład punktacji
Procent ludzi z każdym wynikiem
Percentyl według liczby udzielonych odpowiedzi
Twoja historia wyników
Nie rozwiązałeś tego quizu